[Event "Rodriguez Pena Memorial"]
[Site "Ourense"]
[Date "2007.06.08"]
[Round "2"]
[White "Guliyev, Namig"]
[Black "Korneev, Oleg"]
[Result "1-0"]
[WhiteElo "2590"]
[BlackElo "2565"]
[Annotator "Ftacnik,L"]
[PlyCount "77"]
[EventDate "2007.06.07"]
[EventType "tourn"]
[EventRounds "9"]
[EventCountry "ESP"]
[EventCategory "12"]
[SourceTitle "CBM 118 Extra"]
[Source "ChessBase"]
[SourceDate "2007.07.04"]
[SourceVersion "1"]
[SourceVersionDate "2007.07.04"]
[SourceQuality "1"]

1. e4 c5 2. Nf3 e6 3. d4 cxd4 4. Nxd4 a6 5. Bd3 Qb6 6. Nb3 Qc7 7. O-O Nf6 8. f4
d6 9. a4 Be7 10. a5 e5 (10... O-O 11. Be3 e5 12. Bb6 Qc6 13. Nc3 Be6 14. f5 Bc4
15. Ra4 Bxd3 16. Qxd3 Rc8 17. Nd2 Qe8 18. Rc4 Nbd7 19. Nd5 Nxd5 20. exd5 Nxb6
21. axb6 Rxc4 22. Nxc4 f6 {1/2 Airapetian,C (2130)-Ginsburg,M (2367)/San Diego
2006 (71)}) 11. Nc3 Nbd7 12. Be3 O-O 13. Kh1 {Gouliev is waiting for the
concession from his opponent, who can not live with undeveloped bishop on c8
for very long.} (13. f5 b5 14. axb6 Nxb6 15. Kh1 Bb7 16. Na5 d5 17. Bxb6 Qxb6
18. Nxb7 Qxb7 19. Nxd5 Nxd5 20. exd5 Bf6 21. Be4 Qxb2 22. c4 Qb4 23. Qd3 Qc5
24. Rfd1 a5 25. d6 {1-0 Neubauer,M (2341)-Wach,M (2392)/Austria 2000 (49)})
13... exf4 14. Rxf4 Ne5 15. Bb6 Qd7 (15... Qb8 16. Be2 $14) 16. Nd4 Qe8 $5 {
Unusual and very spirited retreat of the queen to the e8-square in order to
free the bishop for the control of the diagonal c8-h3.} (16... Bd8 17. Na4 d5
18. Bxd8 Qxd8 19. Nb6 dxe4 20. Bxe4 g5 (20... Rb8 21. Nxc8 Rxc8 22. Bxb7 $14)
21. Rxf6 Qxf6 22. Nxa8 Ng4 23. Bxh7+ Kxh7 24. Qd2 Rd8 25. c3 Qe5 26. Qd3+ Kg8
27. Qg3 Qxg3 28. hxg3 Nf2+ 29. Kg1 Nd3 30. b3 $14) 17. Nf5 Bxf5 (17... Be6 18.
Be2 g6 19. Nxe7+ Qxe7 20. Bd4 $14) 18. Rxf5 (18. exf5 d5 19. Be2 Qc6 $13) 18...
Qd7 19. Qe2 Rae8 (19... g6 20. Rff1 Rac8 $13) 20. Qf2 g6 21. Qg3 Nfg4 $1 {
Korneev is using the potential of his knights to the limit. Black's pieces are
very well prepared to unleash their potential in the centre and on the
kingside.} (21... Kh8 22. Rff1 Nh5 23. Qf2 $14) 22. Rff1 Nxd3 23. cxd3 Bf6 24.
h3 (24. Nd5 Be5 25. Qh4 f5 26. exf5 Nxh2 27. Rf2 Rxf5 28. Rxf5 Qxf5 29. Ne7+
Rxe7 30. Qxe7 Ng4 $13) 24... Bxc3 25. bxc3 Ne5 26. c4 f6 $6 {The move and
concept are not bad, but Black will keep playing too passively. This was the
right moment for opening the game with 26...f5!} (26... f5 $1 27. Rf4 fxe4 28.
Rxe4 Nc6 29. Rxe8 Rxe8 30. Rf1 $11) 27. Bd4 Kg7 (27... f5 28. exf5 Rxf5 29.
Rae1 $14) 28. Rab1 Rc8 29. Rb6 Rc6 (29... Rce8 30. c5 dxc5 31. Bxc5 Rf7 32. Rd6
Qb5 33. Rd5 $14) 30. Rb2 Rf7 31. Rbf2 Rc8 (31... Qe6 32. Kg1 (32. c5 Nd7 33.
cxd6 Qxd6 34. Qxd6 Rxd6 35. Bb2 Re6 $11) 32... Rcc7 $14) 32. c5 $5 {[%mdl 32]
Excellent idea in the conceptual sense; White has to undermine the super solid
e5-square of the knight.} Re8 (32... Rxc5 33. Bxc5 dxc5 34. Rxf6 Rxf6 35. Qxe5
Qd6 36. Qb2 b5 37. axb6 Qxb6 $14) 33. cxd6 Qxd6 34. Ba1 Qe6 (34... Qc7 35. d4
Nc4 36. e5 Qxa5 37. Bc3 Qd5 38. Rxf6 $16) 35. Bc3 (35. d4 Nd7 36. e5 Qd5 37.
Bc3 $16) 35... h6 (35... Kg8 36. Kg1 $16) 36. Rf5 Nd7 $6 {The defender is
turning soft and Gouliev will get a chance to improve his pieces even more.} (
36... Kh7 37. R5f4 (37. Bxe5 gxf5 38. exf5 fxe5 39. fxe6 Rxf1+ 40. Kh2 Rxe6 $11
) 37... Rc8 38. d4 $16) 37. Rd5 Ne5 (37... Kh7 38. Kh2 $16) 38. Rxf6 $1 Qxf6 (
38... Kxf6 39. Rxe5 Qxe5 40. Qf4+ $18) (38... Rxf6 39. Bxe5 Ref8 40. Bxf6+ Qxf6
41. Rd6 $16) 39. Rxe5 {Black might have lost on time as the position was at
least playable with two rooks against the white queen.} (39. Rxe5 Rc8 40. Rc5
Rxc5 41. Bxf6+ Rxf6 42. d4 Rc4 43. Qe5 $16) 1-0

[Event "Plovdiv"]
[Site "Plovdiv"]
[Date "1981.??.??"]
[Round "2"]
[White "Georgiev, Krum"]
[Black "Peev, Peicho Chonev"]
[Result "1-0"]
[WhiteElo "2480"]
[BlackElo "2375"]
[Annotator "Gagarin,V"]
[PlyCount "98"]
[EventDate "1981.08.??"]
[EventType "tourn"]
[EventRounds "9"]
[EventCountry "BUL"]
[EventCategory "7"]
[SourceTitle "MCL"]
[Source "ChessBase"]
[SourceDate "1999.07.01"]
[SourceVersion "1"]
[SourceVersionDate "1999.07.01"]
[SourceQuality "1"]

1. e4 c5 2. Nf3 e6 3. d4 cxd4 4. Nxd4 a6 5. Bd3 Ne7 6. b3 $5 (6. c4) (6. c3) (
6. f4) (6. Be3) (6. Nc3 Nec6 7. Nxc6 (7. Nb3 Be7 8. Be3 d6 9. f4 O-O 10. Qf3 b5
11. O-O-O Qc7 12. g4 Nb4 13. g5 Bb7 14. Kb1 Nd7 $13 {Alexakis,D-Peev,P/Athens/
1981/0:1/37/}) 7... Nxc6 8. f4 d6 9. Qf3 Be7 10. Bd2 Qc7 11. O-O-O Bd7 12. Kb1
O-O 13. g4 $36 {Short,N-Peev,P/Plovdiv/1984/1:0/38/}) (6. O-O Nec6 7. c3 (7.
Nb3 Be7 8. c4 d6 9. Nc3 O-O 10. Be3 Nd7 11. Rc1 b6 $13 {Stoica,V-Peev,P/Varna/
1981/1/2-1/2/60/}) 7... Be7 8. Be3 O-O 9. f4 d6 10. Nf3 Nd7 11. Nbd2 $14 {
Georgiev,Kr-Peev,P/BUL-ch/1980/1/2-1/2/62/}) 6... Nec6 7. Nxc6 Nxc6 8. Bb2 Bb4+
9. Nd2 Qg5 10. Qe2 O-O (10... Qxg2 $6 11. O-O-O $36) 11. a3 Ba5 (11... Bxd2+
12. Qxd2 Qxd2+ 13. Kxd2 $14 {|_}) 12. O-O-O e5 13. Kb1 {P c4} b5 14. Nf1 {
P e3-d5} Nd4 15. Qe3 Qe7 (15... Qxe3 16. Nxe3 $14) 16. Qg3 d6 17. Ne3 Be6 18.
f4 $36 f6 19. h4 Rac8 $6 (19... exf4 $5 20. Qxf4 Nc6 $14) 20. h5 exf4 21. Qxf4
Nc6 22. Nd5 Bxd5 23. exd5 Ne5 24. Be4 Rce8 (24... Bc3 $2 25. Qf5 g6 26. hxg6
hxg6 27. Qh3 $18) 25. Qf5 $16 g6 26. hxg6 hxg6 27. Qe6+ $1 Kg7 (27... Rf7 28.
Bxe5 $18) (27... Qxe6 28. dxe6 $18 {<-> d6,g6}) 28. Bc1 $1 {P h6} Nf7 (28...
Rh8 29. Rxh8 Kxh8 (29... Qxe6 30. dxe6 Rxh8 31. Rxd6 $18) 30. Rh1+ Kg7 31. Bh6+
$18) 29. Bxg6 $1 Qxe6 (29... Kxg6 $2 30. Qg4+ Ng5 31. Qh5+ Kg7 (31... Kf5 32.
Rhf1+ Ke5 33. Bb2+ $18) 32. Bxg5 fxg5 33. Qh6+ Kg8 34. Qh8+ Kf7 35. Rdf1+ $18)
30. dxe6 Rxe6 (30... Kxg6 31. exf7 Kxf7 32. Rxd6 $18) 31. Bf5 Re5 32. g4 {
P b2, f4} Bc3 33. Rh7+ (33. Bf4 $5 $16) (33. Rd3 $5 $16) 33... Kg8 34. Rh3 (34.
Rd3 $6 Rxf5 35. gxf5 Kxh7 36. Rxc3 Ne5 $14) 34... Re1 35. Rxe1 Bxe1 36. Re3 Bf2
37. Re7 Ng5 (37... Bd4 $5 38. Be6 {P h6} Kg7 39. Rd7 $16) 38. Bb2 Rf7 39. Re8+
Kg7 40. Rd8 $1 Bg3 41. Ra8 $18 Be5 42. Rxa6 Rb7 43. b4 Nf3 44. Bd3 {P a5 <->b5}
d5 45. Bc1 Bc7 46. Be2 Ne5 47. Bb2 Kf7 48. Bd4 Ke7 49. Ka2 Bd6 (49... Bd6 50.
Bxe5 $5 fxe5 51. Ra5 Bc7 52. Rxb5 Rxb5 53. Bxb5 $18) 1-0

[Event "Pardubice op-A"]
[Site "Pardubice"]
[Date "2005.07.30"]
[Round "9"]
[White "Borovikov, Vladislav"]
[Black "Henrichs, Thomas"]
[Result "1/2-1/2"]
[WhiteElo "2595"]
[BlackElo "2413"]
[Annotator "Gutman,L"]
[PlyCount "116"]
[EventDate "2005.07.22"]
[EventType "swiss"]
[EventRounds "9"]
[EventCountry "CZE"]
[SourceTitle "CBM 107 Extra"]
[Source "ChessBase"]
[SourceDate "2005.09.01"]
[SourceVersion "1"]
[SourceVersionDate "2005.09.01"]
[SourceQuality "1"]

1. e4 c5 2. Nf3 e6 3. d4 cxd4 4. Nxd4 a6 5. Bd3 Bc5 6. Nb3 Ba7 7. Qe2 Nc6 8.
Be3 d6 9. f4 Nge7 10. Bxa7 Rxa7 11. c4 (11. Nc3 b5 12. Qf2 O-O 13. O-O b4 14.
Ne2 Rc7 15. Rad1 Re8 16. Ng3 {war gut für Weiß in Mastrovasilis-Kobalia,
Warsaw 2005}) 11... a5 12. Nc3 a4 13. Nd2 O-O 14. Nb5 Ra5 15. Nf3 (15. O-O $5
Na7 16. Nxa7 Rxa7 17. Nb1 {scheint eher am Platze.}) 15... Na7 16. Nxa7 Rxa7
17. O-O e5 18. f5 f6 19. Kh1 b6 20. Rad1 Bb7 21. h4 ({Der weiße Springer
gehört nach c3, etwa} 21. Nd2 $5 Bc6 22. Nb1 Qb8 23. Nc3) 21... Bc6 22. Kh2 Qb8
23. g4 g6 24. Qe3 $6 ({Verpasst die letzte Möglichkeit für} 24. Nd2 $5 Kh8 25.
Nb1 gxf5 26. gxf5 Rb7 27. Nc3) 24... Kh8 25. Ng1 gxf5 26. gxf5 Rb7 27. Ne2 b5 {
Nun Schwarz ergreift die Initiative.} 28. Rg1 bxc4 29. Bxc4 d5 30. exd5 Nxf5
31. Qf2 Bd7 32. b3 axb3 33. Bxb3 Rb4 $17 34. Rg2 Nxh4 35. Rg3 Nf5 36. Rg2 Nh6
37. Kh1 Bf5 38. d6 $2 (38. Nc3) 38... Be4 39. d7 Ng4 40. Qc5 Rd8 41. Ng3 Bxg2+
42. Kxg2 Rf4 43. Qe7 Qb6 $2 (43... Ne3+ 44. Kh3 Nxd1 {entscheidet.}) 44. Rd2 $2
(44. Qe8+ Kg7 45. Qf7+ Kh8 46. Qe8+ {mit Dauerschach.}) 44... Ne3+ $2 (44...
Qb8 {sollte gewinnen.}) 45. Kh3 Qb8 46. Rd3 Nf5 47. Nxf5 $2 (47. Qxf6+ Ng7 48.
Qe7 Rd4 49. Rxd4 exd4 50. Ne4 Qc7 51. Ba4 {ist bereits vorteilhaft für Weiß.})
47... Rxf5 48. Rg3 Rh5+ 49. Kg2 Qa8+ 50. Kf2 Rh2+ 51. Ke3 Qa7+ 52. Ke4 f5+ 53.
Kxf5 Qf2+ 54. Ke4 Rh4+ $2 (54... Qd4+ 55. Kf5 Qf4+ 56. Ke6 Rh6+ 57. Kd5 Qd4#)
55. Kd5 Qd4+ $2 (55... Qd2+ 56. Kc6 Qc1+ 57. Kb7 Rb4+ 58. Qxb4 Rxd7+ 59. Ka6
Qc8+ 60. Kb5 Rb7+ 61. Ka4 Qc6+ {mit Gewinn.}) 56. Kc6 Rh6+ 57. Be6 Qc4+ 58. Kb7
Qb5+ 1/2-1/2

[Event "Nuremberg LGA Cup 8th"]
[Site "Nuremberg"]
[Date "2011.09.11"]
[Round "6"]
[White "Hector, Jonny"]
[Black "Wagner, Dennis"]
[Result "1-0"]
[WhiteElo "2532"]
[BlackElo "2302"]
[Annotator "Gutman,L"]
[PlyCount "67"]
[EventDate "2011.09.08"]
[EventType "swiss"]
[EventRounds "7"]
[EventCountry "GER"]
[SourceTitle "CBM 144 Extra"]
[Source "ChessBase"]
[SourceDate "2011.10.28"]
[SourceVersion "1"]
[SourceVersionDate "2011.10.28"]
[SourceQuality "1"]

1. e4 c5 2. Nf3 e6 3. d4 cxd4 4. Nxd4 a6 5. Nc3 Qc7 6. Bd3 Nf6 7. O-O d6 ({
Sowohl} 7... Bc5 $5 8. Nb3 Be7 9. a4 d6 10. Be3 b6 11. f4 Nbd7 12. Qf3 Bb7 $11
{Kosteniuk-Ivanchuk, Bltzpartie 2009}) ({als auch} 7... Nc6 $5 8. Be3 d6 9. f4
Be7 $11 {sind die besseren Alternativen.}) 8. Qe2 Nbd7 9. Bd2 b6 10. f4 Bb7 11.
b4 $5 ({Dies ist genauer als} 11. Kh1 Be7 12. Rae1 Nc5 13. e5 Nfd7 {, wie in
der Partie Lanka-Wagner, eine Runde früher, geschah.}) 11... Be7 ({Abzuraten
ist von} 11... h5 12. f5 e5 13. Ne6 $1 fxe6 14. fxe6 Nb8 15. Nd5 Nxd5 16. exd5
Bxd5 17. Bg6+ Kd8 18. Bg5+ Kc8 19. Rf7 Qc3 20. Qf1 Qd4+ 21. Kh1 Bxe6 22. c3 Qd5
23. Rxf8+ Rxf8 24. Qxf8+ Kb7 25. Qe7+ Bd7 26. Bxh5 $16) ({II Solider erscheint
} 11... g6 12. Rae1 $5 (12. e5 dxe5 13. fxe5 Nd5 14. Nxd5 Bxd5 15. c4 Bb7 16.
Be4 Bg7 17. Bxb7 Qxb7 $11) 12... Bg7 13. e5 dxe5 14. fxe5 Nxe5 (14... Nd5 $2
15. Rxf7 Kxf7 16. Qf1+ $18 {geschah in Shimanov-Kosov, Peterhof 2009}) 15. Nxe6
fxe6 16. Qxe5 Qxe5 17. Rxe5 O-O 18. Rxe6 Ng4 19. Ne2 Rxf1+ 20. Kxf1 Rf8+ 21.
Ke1 b5 22. Bf4 {und Weiß verbleibt mit einem Mehrbauern im Endspiel.}) 12. Rae1
O-O ({Vielleicht zu optimistich. Doch verspricht sowohl} 12... h5 13. h3 b5 14.
a4 bxa4 15. Nxa4 $16) ({als auch} 12... b5 13. e5 dxe5 14. fxe5 Nd5 15. Nxd5
Bxd5 16. a4 $16 {Weiß mehr vom Spiel.}) 13. e5 Nd5 ({Auch nach} 13... dxe5 14.
fxe5 Ne8 15. Nd1 b5 16. c3 Rd8 17. Nf2 Nb6 18. Qh5 g6 19. Qh3 $16 {ist Schwarz
nicht zu beneiden.}) 14. Nxd5 Bxd5 15. c4 Bb7 16. Qh5 g6 17. Qh6 Rfd8 ({
Kaum besser wäre} 17... Rfc8 18. Nxe6 fxe6 19. Bxg6 Nf8 20. Bxh7+ Nxh7 21.
Qxe6+ $18) 18. Bxg6 ({Auch hier war} 18. Nxe6 $1 fxe6 19. Bxg6 Nf8 20. f5 Bh4
21. Qxh4 hxg6 22. fxg6 Rd7 23. exd6 $18 {einfacher.}) 18... hxg6 19. Nxe6 Bf8
20. Qxf8+ Nxf8 21. Nxc7 Rac8 22. Be3 $1 dxe5 23. Bxb6 Rd7 24. fxe5 Rcxc7 25.
Bxc7 Rxc7 26. c5 Bd5 27. Rf2 Ne6 28. Rd1 Bc4 29. Rd6 Kf8 30. Rc2 Bb5 31. Rcd2
Ke7 32. a4 Bc4 33. c6 Ke8 34. Rb2 1-0

[Event "GER-ch 75th"]
[Site "Hoeckendorf"]
[Date "2004.01.30"]
[Round "1"]
[White "Kritz, Leonid"]
[Black "Voigt, Roland"]
[Result "1-0"]
[WhiteElo "2534"]
[BlackElo "2381"]
[Annotator "Gutman,L"]
[PlyCount "47"]
[EventDate "2004.01.30"]
[EventType "swiss"]
[EventRounds "9"]
[EventCountry "GER"]
[SourceTitle "CBM 100"]
[Source "ChessBase"]
[SourceDate "2004.06.01"]
[SourceVersion "1"]
[SourceVersionDate "2004.06.01"]
[SourceQuality "1"]

1. e4 c5 2. Nf3 e6 3. d4 cxd4 4. Nxd4 a6 5. Bd3 Qc7 6. O-O Nf6 7. Qe2 d6 8. c4
Be7 9. b3 b6 10. Bb2 Bb7 11. Nc3 Nbd7 12. Rac1 O-O 13. Kh1 (13. f4 h6 14. Rce1
Rfd8 15. Bb1 Nf8 16. Kh1 Rac8 17. f5 e5 18. Nd5 Nxd5 19. exd5 Bf6 20. Nf3 b5 {
Sax- Voigt, Pyramiden- Franken Cup 2002}) 13... Rac8 14. f4 Qb8 15. Bb1 Rfd8 $6
(15... Rfe8 16. g4 (16. f5 e5 17. Nf3 Bc6) 16... e5 17. Nf5 exf4) 16. g4 (16.
Rf3 $5) 16... Nf8 17. g5 $6 (17. f5 e5 18. Nc2) 17... Ne8 $2 (17... N6d7 18. h4
Re8) 18. h4 g6 19. f5 d5 20. fxe6 Nxe6 21. Nxe6 fxe6 22. Nxd5 exd5 23. exd5 Qd6
24. Qf3 1-0

[Event "Match/Nation FRA-BUL 31-41"]
[Site "St Maxime"]
[Date "1984.10.??"]
[Round "3"]
[White "Ermenkov, Evgenij"]
[Black "Haik, Aldo"]
[Result "1-0"]
[WhiteElo "2420"]
[BlackElo "2425"]
[Annotator "Haik,A"]
[PlyCount "91"]
[EventDate "1984.10.10"]
[EventType "team-schev"]
[EventRounds "12"]
[EventCountry "FRA"]
[SourceTitle "EXT 2018"]
[Source "ChessBase"]
[SourceDate "2017.10.13"]
[SourceVersion "1"]
[SourceVersionDate "2017.10.13"]
[SourceQuality "1"]
[WhiteTeam "Bulgaria"]
[BlackTeam "France"]
[WhiteTeamCountry "BUL"]
[BlackTeamCountry "FRA"]

1. e4 c5 2. Nf3 a6 3. Nc3 b5 4. d4 e6 (4... cxd4) 5. Be3 cxd4 6. Nxd4 Bb7 7.
Bd3 Nf6 8. a3 d6 9. O-O Nbd7 10. Kh1 (10. f4 Be7 11. Qf3 Nc5 12. b4 Nxd3 13.
cxd3 O-O 14. Nb3 Rc8 15. Rac1 Nd7 16. Ne2 Bf6 17. Na5 Rxc1 18. Rxc1 Qb8 19. Nd4
Rc8 20. Qd1 Rc7 21. Rxc7 Qxc7 22. Qc2 Qxc2 23. Nxc2 {1/2-1/2 (23) Radulov,I 
(2490)-Hort,V (2600) Nice 1974}) 10... Be7 11. f4 O-O 12. Qf3 Re8 $146 (12...
Rc8 13. Qh3 Rc5 14. Nxe6 fxe6 15. Bxc5 Nxc5 16. e5 Nxd3 17. exf6 Rxf6 18. Qxd3
Qa8 19. Qd2 Rg6 20. Rf2 h5 21. Re2 h4 22. h3 Bf6 23. Rae1 Bf3 24. Rf2 Bc6 25.
Qxd6 Bxg2+ 26. Kh2 Rg3 27. Qxe6+ Kh7 28. Ne4 Bxh3 29. Nxf6+ gxf6 30. Qf7+ {
1-0 (30) Winiwarter,F-Van den Berg,C Chaumont Neuchatel 1958}) 13. Rae1 Bf8 {
[%cal Gg7g6,Gf8g7]} 14. Qh3 g6 15. f5 exf5 16. exf5 Bg7 17. fxg6 hxg6 18. Nf3 (
18. Bg5 $14 {Haik}) 18... Bxf3 19. Qxf3 Ne5 $132 20. Qd1 Nfg4 21. Bg1 Nxd3 22.
Rxe8+ Qxe8 23. Qxd3 Qe6 24. Nd5 Rc8 25. c3 Ne5 26. Qd1 Nc4 27. Re1 Be5 28. Re2
a5 29. Qd3 a4 30. Qf3 Kg7 31. h3 Rh8 32. Bd4 Rc8 33. Bg1 Rh8 34. Bf2 g5 35. g4
Rxh3+ $1 36. Qxh3 Qxd5+ 37. Qg2 Qd1+ 38. Bg1 (38. Re1) 38... Bf4 39. Qe4 Ne5
40. Kg2 Nd3 41. Bd4+ Be5 42. Bxe5+ dxe5 43. Kf3 f6 44. Qb7+ Kg6 45. Qe4+ Kg7
46. Qb7+ 1-0

[Event "Barcelona"]
[Site "Barcelona"]
[Date "1992.05.??"]
[Round "2"]
[White "Magem Badals, Jordi"]
[Black "Tal, Mihail"]
[Result "1/2-1/2"]
[WhiteElo "2515"]
[BlackElo "2525"]
[Annotator "Hansen,Cu"]
[PlyCount "82"]
[EventDate "1992.05.??"]
[EventType "tourn"]
[EventRounds "11"]
[EventCountry "ESP"]
[EventCategory "13"]
[SourceTitle "CBM 030"]
[Source "ChessBase"]
[SourceDate "1992.10.01"]
[SourceVersion "1"]
[SourceVersionDate "1992.10.01"]
[SourceQuality "1"]

1. e4 {Ernst} c5 2. Nf3 e6 3. d4 cxd4 4. Nxd4 a6 5. Bd3 Bc5 6. Nb3 Ba7 7. Nc3
Nc6 8. Qe2 d6 9. Be3 Nf6 10. O-O-O (10. f4 {Ernst} e5 11. Bxa7 Rxa7 12. f5 b5
13. Qe3 O-O 14. a4 b4 15. Nd5 Nxd5 16. exd5 Nd4 17. Nxd4 exd4 18. Qxd4 Re7+ 19.
Kf2 Re5 20. Rhe1 Bxf5 21. Rxe5 dxe5 22. Qxe5 Bxd3 23. cxd3 Re8 24. Qd4 Qg5 25.
d6 h5 26. h4 Qd2+ 27. Kf1 Re3 $10 {Stefansson - Christiansen, Manila (ol) 1992.
}) 10... b5 11. g4 (11. Bg5 Qb6 12. Rd2 Nd7 13. f4 $14 {
Chiburdanidze-Ioseliani Belgrad 1992}) (11. Bxa7 Rxa7 12. g4 O-O 13. f4 b4 14.
Na4 Ne7 15. g5 Ne8 16. Qf2 $14 {Arnason-Motwani Hafnarfirdi 1992}) (11. f4 b4
12. Na4 e5 13. f5 Bd7 14. Bc4 Qc7 $132 {Zapata-Sunye Neto 1991}) 11... b4 12.
Nb1 Bxe3+ 13. Qxe3 Nxg4 $5 (13... O-O 14. g5 Nd7 15. f4 a5 $13) 14. Qg3 Nf6 15.
Qxg7 Rg8 16. Qh6 Ne5 17. N1d2 (17. f4 $6 Nxd3+ 18. Rxd3 (18. cxd3 Qc7+) 18...
Rg6 19. Qh4 Nxe4 $15) 17... Bb7 18. f4 Nxd3+ 19. cxd3 $14 Rg6 20. Qh3 Qb6 21.
Rhf1 (21. Nc4 $6 Qc7 {/\d6-d5/Nxe4/Bxe4}) 21... Qb5 {/\Qh5} 22. f5 exf5 23.
Rxf5 Bc8 $8 24. Nc4 $2 (24. Rxb5 Bxh3 25. Rxb4 $16) 24... Nxe4 $1 $10 25. Rxb5
Bxh3 26. Rxb4 Nf2 27. Rd2 Ng4 28. Nb6 Ra7 29. Nd5 Ne5 30. Nd4 {עe8} Kf8 $1 {
/\Kg7} 31. b3 Be6 32. Rb8+ Kg7 33. Nf4 Rg4 $1 34. Nfxe6+ fxe6 35. Nxe6+ Kf6 $44
{פe6} 36. Nd8 Rd4 37. Nb7 $6 Rb4 38. d4 Nd7 39. Rf2+ Kg6 40. Rg2+ Kf6 (40...
Kh6 $5 41. Re8 (41. Nxd6 Nxb8 42. Nf5+ Kh5 43. h4 h6) 41... Raxb7 42. Re3 (42.
Re6+ Kh5 43. Re3 Rxd4) 42... Nf6 43. Re6 Rf7 44. Rxd6 a5 $15) 41. Rf2+ Kg6 {
Hansen,Cu} 1/2-1/2

[Event "Athens Acropolis"]
[Site "Athens"]
[Date "2003.08.25"]
[Round "1"]
[White "Mastrovasilis, Dimitrios"]
[Black "Schmaltz, Roland"]
[Result "1/2-1/2"]
[WhiteElo "2493"]
[BlackElo "2530"]
[Annotator "Hecht,H"]
[PlyCount "139"]
[EventDate "2003.08.25"]
[EventType "tourn"]
[EventRounds "9"]
[EventCountry "GRE"]
[EventCategory "12"]
[SourceTitle "CBM 097"]
[Source "ChessBase"]
[SourceDate "2003.11.11"]
[SourceVersion "1"]
[SourceVersionDate "2003.11.11"]
[SourceQuality "1"]

1. e4 c5 2. Nf3 e6 3. d4 cxd4 4. Nxd4 a6 5. Bd3 Qb6 6. c3 Nc6 7. Nxc6 Qxc6 8.
O-O d6 9. c4 Nf6 10. Nc3 Be7 11. a4 O-O 12. Be3 b6 13. f4 Bb7 14. Rf3 g6 15.
Qe2 Ng4 16. Bd2 Bf6 17. Kh1 Bg7 18. Raf1 Rad8 19. h3 Nf6 20. f5 exf5 21. exf5
Rde8 22. Qf2 Qd7 23. Nd5 Nxd5 24. cxd5 Bxd5 25. f6 Bxf6 26. Rxf6 Qxh3+ 27. Kg1
Qxd3 28. Rxd6 Re5 29. Re1 Rf5 30. Qe3 Qc4 31. Bc3 Qg4 32. Qd2 Qg5 33. Rd1 Bxg2
34. Qxg5 Rxg5 35. Bf6 Rg4 36. Kh2 Bf3 37. R1d2 Rf4 38. Kg3 Rf5 39. Rf2 Be4 40.
Rxf5 Bxf5 41. Rxb6 {Partial blockade of Black's position. Teilblockade der
schwarzen Stellung} Ra8 42. b4 h6 43. Kf4 Bd7 44. b5 axb5 45. axb5 g5+ 46. Ke4
Ra5 47. Bc3 Rxb5 48. Rxh6 f5+ 49. Kd3 {Technical problem for Black: bringing
his king into the game. Drawing chance for White: restricting or sacrificing
the bishop for the passed pawns. Technisches Problem bei Schwarz: Einbeziehen
des Königs in das Spiel. Remischance für Weiß: Hemmung oder Opfer des Läufers
gegen die Freibauern.} f4 50. Rf6 $1 Be8 51. Re6 Kf7 52. Rf6+ (52. Re5 $2 Rxe5
53. Bxe5 Kg6 (53... Ke6 54. Bxf4 gxf4 55. Ke4 $11) 54. Ke2 Kf5 55. Bc3 g4 56.
Be1 Bc6 57. Kf2 g3+ 58. Kg1 Kg4 59. Bd2 f3 60. Be1 Bb5 $19) 52... Ke7 53. Ke4
Bf7 54. Be5 {Restriction Hemmung} f3 55. Bd4 g4 56. Ke3 Rb3+ 57. Kf2 Rd3 58.
Rf4 Be6 59. Kg3 {blockade Blockade} Kd6 60. Bf2 Ke5 61. Ra4 Rd7 62. Ra5+ Kf6
63. Rh5 Kg6 64. Rh1 {drawing fortress Remisfestung} Rd2 65. Re1 Kf5 66. Ra1 Ba2
67. Rf1 Be6 68. Ra1 Bd5 69. Ra4 Be4 70. Ra5+ 1/2-1/2

[Event "Olympiad-33"]
[Site "Elista"]
[Date "1998.10.07"]
[Round "9.2"]
[White "Short, Nigel D"]
[Black "Rublevsky, Sergei"]
[Result "1/2-1/2"]
[WhiteElo "2670"]
[BlackElo "2685"]
[Annotator "Hecht,H"]
[PlyCount "126"]
[EventDate "1998.09.29"]
[EventType "team-swiss"]
[EventRounds "13"]
[EventCountry "RUS"]
[SourceTitle "CBM 068"]
[Source "ChessBase"]
[SourceDate "1999.02.01"]
[SourceVersion "1"]
[SourceVersionDate "1999.02.01"]
[SourceQuality "1"]
[WhiteTeam "England"]
[BlackTeam "Russia"]
[WhiteTeamCountry "ENG"]
[BlackTeamCountry "RUS"]

1. e4 c5 2. Nf3 e6 3. d4 cxd4 4. Nxd4 a6 5. Bd3 Nf6 6. O-O d6 7. c4 Bd7 8. Nc3
Nc6 9. Be3 Be7 10. h3 O-O 11. Qd2 Qb8 12. Nxc6 Bxc6 13. a4 Rd8 14. Bb6 Rc8 15.
a5 Nd7 16. Bd4 Bf6 17. Bxf6 Nxf6 18. b4 Rd8 19. Qc2 d5 20. exd5 exd5 21. b5
dxc4 22. Bxh7+ Nxh7 23. bxc6 bxc6 24. Na4 Qb3 25. Rfc1 Rd4 26. Rab1 Qd3 27. Rb4
Rad8 28. Nc5 Qa3 29. Rxc4 Nf6 30. Rxd4 Rxd4 31. Nxa6 Qxa5 32. Qxc6 Qf5 33. Qc8+
Qxc8 34. Rxc8+ Kh7 35. Rc2 Rd1+ 36. Kh2 Ne4 37. f3 Nf6 38. Kg3 g5 39. Kf2 Kg6
40. Nc5 Rd8 41. Nb3 Nh5 42. Nd2 Rd6 43. Ne4 Rb6 44. Rd2 f5 45. Rd6+ Rxd6 46.
Nxd6 Nf4 47. Nc4 Kf6 48. Kg3 Ne2+ 49. Kh2 f4 50. Nd2 Kg6 51. Ne4 Kh6 52. g4
fxg3+ 53. Nxg3 Nxg3 54. Kxg3 {[#] Die Position ist remis, weil Weiß weder die
schwarze Stellung umgehen noch den h-Bauern mit gewinnbringender Opposition
auflösen kann.} Kh5 55. Kf2 Kh4 56. Kg2 Kh5 57. Kg3 Kh6 {der logische Remisweg.
Es ging aber auch:} (57... Kg6 58. Kg4 Kf6 59. Kh5 (59. h4 gxh4 60. Kxh4 Kf5
$11) 59... Kf5 60. Kh6 Kf6 61. Kh7 Kf7 $11 (61... Kf5 $2 62. Kg7 Kf4 63. Kf6
Kxf3 64. Kxg5 Kg3 65. h4 $18)) 58. Kf2 Kh5 59. Kg3 Kh6 60. Kg4 Kg6 61. h4 gxh4
62. Kxh4 Kf5 63. Kg3 Kg5 1/2-1/2